000 00644nam a2200181Ia 4500
008 100917s9999 xx 000 0 und d
082 _b43401
100 _aसहस्त्रबुध्दे रमेश
245 _aउद्याची आशा सूर्य शिक्त
260 _bअनिरूध्द साहित्य
_c1980
300 _a104
365 _b22
520 _aसृ. प. वि.
630 _aउद्याची आशा सूर्य शिक्त
650 _aसृ. प. वि.
730 _aउद्याची आशा सूर्य शिक्त
942 _cBOOK
999 _c648795
_d648792